000 02148cam a2200169 4500500
005 20260208003714.0
041 _afre
042 _adc
100 1 0 _aMacé, Arnaud
_eauthor
245 0 0 _aA. Motte, C. Rutten et P. Somville (éd.), avec la collaboration de L. Bauloye, A. Lefka et A. Stevens, Philosophie de la forme. EIDOS, IDEA, MORPHE dans la philosophie grecque des origines à Aristote, Actes du Colloque interuniversitaire de Liège, 29 et 30 mars 2001, Travaux du Centre d’études aristotéliciennes de l’Université de Liège, Louvain-la-Neuve, Peeters, coll. « Aristote. Traductions et études », 2003, 684 p.
260 _c2005.
500 _a100
520 _aÉcartant les questions traditionnelles de savoir comment il s’est singularisé dans l’histoire de la doctrine allemande du droit et les raisons qui font de lui l’un des précurseurs de la théorie des actes de langages, la présente étude évalue l’intérêt juridique de l’approche « intuitionniste » de Reinach. L’utilisation conjointe de sa définition de la promesse et des travaux de Jean-Louis Gardies devraient montrer l’impasse théorique et le faible intérêt pratique de son intuitionnisme, et ce faisant contribuer à diriger les recherches phénoménologiques en théorie du droit vers les travaux du Husserl des Idées directrices
520 _aPutting aside the familiar issues of understanding how Reinach stood out in the history of German law doctrine and the reasons which make him one of the precursors of the Speech acts theory, this study attempts to evaluate the judicial interest in his « intuitionist » approach. By using both Reinach’s definition of the promise and the works of Jean-Louis Gardies to show the theoretical impasse and the slight practical interest of his intuitionism it should contribute to directing phenomenological research in law theory towards the late works of Husserl.
786 0 _nLes Études philosophiques | 72 | 1 | 2005-03-01 | p. 117o-142o | 0014-2166
856 4 1 _uhttps://shs.cairn.info/revue-les-etudes-philosophiques-2005-1-page-117o?lang=fr&redirect-ssocas=7080
999 _c1648585
_d1648585